Liryczna Chłosta - Gimpson ft. MC Sobieski (tekst) - Statystyki

Ogólne statystyki
  • Ten quiz został rozwiązany 41 razy
  • Średni wynik to 357 z 472
Statystyki odpowiedzi
Odpowiedź % Poprawnych
a
100%
A
100%
chłosta!
100%
chłosta
100%
ja
100%
liryczna
100%
Liryczna
100%
na
100%
Na
100%
ty
100%
Ty
100%
w
100%
z
100%
Z
100%
Za
100%
dla
93%
Gimpson
93%
i
93%
I
93%
nie
93%
po
93%
sprostasz!
93%
ta
93%
to?
93%
to
93%
To
93%
was
93%
Ale
86%
bo
86%
Bo
86%
chłam
86%
Dr
86%
duży
86%
gram
86%
jak
86%
je
86%
jest
86%
kanał
86%
86%
ma
86%
Mały
86%
te
86%
Wchodzę
86%
we
86%
że
86%
Alban
79%
brodzą
79%
czasów
79%
dał
79%
Gang
79%
go
79%
hipnozą
79%
idź
79%
jestem
79%
kanałach
79%
kolację
79%
Mam
79%
mam
79%
MCS
79%
mi
79%
mocno
79%
moich
79%
Nadal
79%
nadal
79%
nawalam
79%
nich
79%
Pan
79%
pierwszy
79%
plan
79%
racje
79%
rację
79%
Rację
79%
rzadko
79%
79%
się
79%
stąd!
79%
temu
79%
tym
79%
wersy
79%
wiesz
79%
Wiesz
79%
Zabolała
79%
zawsze
79%
Albanii
71%
biały
71%
bogiem
71%
bomba!
71%
Boxdel
71%
były
71%
chcę
71%
cię
71%
ciekawostkę
71%
co
71%
dzwonili
71%
krwi
71%
Kurwy
71%
linii
71%
Masz
71%
masz
71%
mózg
71%
murzyn
71%
Oceń
71%
od
71%
ognia
71%
pal
71%
Panteonie
71%
przystawkę
71%
radia
71%
Rich
71%
Safari
71%
sobie
71%
Sobieski
71%
tak
71%
tam
71%
użyj
71%
Zapal
71%
zejdź
71%
Znasz
71%
Zone
71%
bit
64%
kładę
64%
kurwę
64%
ludziom
64%
marne
64%
miejsce
64%
mnie?
64%
Może
64%
nam
64%
pod
64%
Polsce?
64%
porobię
64%
pozabijam
64%
schowaj
64%
świeże
64%
Syrii
64%
szanse
64%
tu
64%
Udowadniam
64%
zapewnione
64%
albo
57%
argumentów
57%
bitu
57%
błędy
57%
brak
57%
bredni
57%
dziecko
57%
edukację
57%
emocjach
57%
godzą
57%
Łapiesz
57%
logiczne
57%
łóżko
57%
Mamy
57%
metodycznie!
57%
Mikołaj
57%
mówili
57%
najlepszy
57%
napalm
57%
nawijam
57%
Owszem
57%
pałam
57%
palnąć
57%
robiąc
57%
robię
57%
rozmach
57%
Rozumiesz?
57%
strunę
57%
Święty
57%
teksty
57%
Teraz
57%
teraz
57%
wasze
57%
wetknij
57%
Weź
57%
wysnute
57%
zapach
57%
zasługujesz
57%
żeś
57%
znowu
57%
bardziej
50%
bujają
50%
celowo
50%
Chcą
50%
chwalę
50%
Dram
50%
dużych
50%
Dyskusję
50%
fanów
50%
Garota
50%
Gdy
50%
ilościach
50%
kopach
50%
ławce
50%
lepiej
50%
nierzadko
50%
niezbyt?
50%
nosie
50%
pojadę
50%
pomocą
50%
Powoduję
50%
przeciągam
50%
przychodzę
50%
raczej
50%
Raperzy
50%
rózgą
50%
staw
50%
Twoje
50%
tylko
50%
umiem
50%
akcję
43%
błyszczę
43%
buta
43%
chyba
43%
Dyskursem
43%
formę
43%
kiepską
43%
kochaj
43%
kordytu
43%
nabijam
43%
niczym
43%
oddawać
43%
sam
43%
starcie
43%
ten
43%
też
43%
transie
43%
walnął
43%
wchodzić
43%
wieczne
43%
wyjdą
43%
zawodzą
43%
złap
43%
zniszczyć
43%
Zostawiam
43%
ciężko
36%
listę
36%
przednim
36%
spada
36%
Uparcie
36%
widzę
36%
wiedz
36%
wierszem
36%
Golden
29%
karcę
29%
pana
29%
patrzę
29%
top
29%
wodzom
29%
Oozaru
21%
szarpiesz
21%
punche
14%
Ponieważ
7%
szydzę
7%
Nie znaleziono quizów pasujących do podanych kryteriów
Rozkład punktacji
Procent ludzi z każdym wynikiem
Percentyl według liczby udzielonych odpowiedzi
Twoja historia wyników
Nie rozwiązałeś tego quizu